Retratos tras el cristal /

Guardado en:
Bibliografiske detaljer
Hovedforfatter: Toledo, Valentín (artista)
Institution som forfatter: Pinacoteca de Nuevo León
Andre forfattere: Perusquía, Bárbara (curaduría y texto) (curaduría y texto), Rodríguez Rodríguez, Alejandro (coordinación editorial) (coordinación editorial), Outumuro, Manuel (texto) (texto), Sordo, Alejandro (texto) (texto), Stein, Axel (texto) (texto), Meza Medina, Katzir (presentación) (presentación), Lozano de Todd, Elvira (presentación) (presentación)
Format: Bog
Udgivet: Monterrey, México : México : Gobierno del Estado de Nuevo León, Consejo para la Cultura y las Artes : Universidad Autónoma de Nuevo León ; CONACULTA, 2015, c2015
Serier:(Memoria del Futuro. Artes Visuales)
Fag:
Tags: Tilføj Tag
Ingen Tags, Vær først til at tagge denne postø!

MARC

LEADER 00000nam^a2200000^a^4500
001 000408052
005 20250521000000.0
008 181115
009 20260526143831.26
020 |a 978-607-8317-57-8 
037 |a Acervo ITESO - Biblioteca 
082 |a 709. 46083  |b TOL PER 
100 |a Toledo, Valentín  |e (artista) 
245 1 0 |a Retratos tras el cristal /  |c Artista V. Toledo ; curadoría de B. Perusquía ; coord. editorial de A. Rodríguez Rodríguez ; textos de B. Perusquía, M. Outumuro, V. Toledo, A. Sordo, A. Stein ; presen. de K. Meza Medina, E. Lozano de Todd ; tr. por Cristina Elenes; Pinacoteca de Nuevo León. 
264 4 |a Monterrey, México :  |b Gobierno del Estado de Nuevo León, Consejo para la Cultura y las Artes :  |b Universidad Autónoma de Nuevo León ;  |a México :  |b CONACULTA,  |c 2015, c2015 
300 |a 145 p. 
336 |a texto  |b txt  |2 rdacontenido 
337 |a sin mediación  |b n  |2 rdamedio 
338 |a volumen  |b nc  |2 rdasoporte 
440 1 |a (Memoria del Futuro.  |p Artes Visuales) 
546 |a Edición bilingüe español-inglés 
649 |a XX 
650 |a Fotógrafos Españoles -  |x Exposiciones -  |x Catálogos 
650 |a Escultores Españoles -  |x Exposiciones -  |x Catálogos 
650 |a Artistas Españoles -  |x Exposiciones -  |x Catálogos 
650 |a Mexicanos -  |x Fotografías -  |x Exposiciones -  |x Catálogos 
650 |a Museos y Galerías -  |z Monterrey, Nuevo León -  |x Exposiciones -  |x Catálogos 
650 |a Museos y Galerías -  |z México -  |x Exposiciones -  |x Catálogos 
650 |a Retrato (Fotografía) -  |z España -  |x Exposiciones -  |x Catálogos 
650 |a Retrato (Fotografía) -  |z España -  |x Historia y Crítica 
650 |a Collage -  |z España -  |x Exposiciones -  |x Catálogos 
650 |a Collage -  |z España -  |x Historia y Crítica 
650 |a Fotografía Española -  |x Exposiciones -  |x Catálogos 
650 |a Fotografía Española -  |x Historia y Crítica 
650 |a Fotografía Española -  |y Siglo XXI 
650 |a Escultura (Tendencias Recientes) -  |z España -  |x Exposiciones -  |x Catálogos 
650 |a Escultura (Tendencias Recientes) -  |z España -  |x Historia y Crítica 
650 |a Escultura Española -  |x Exposiciones -  |x Catálogos 
650 |a Escultura Española -  |x Historia y Crítica 
650 |a Escultura Española -  |y Siglo XXI 
650 |a Monterrey, Nuevo León en el Arte -  |x Exposiciones -  |x Catálogos 
650 |a Monterrey, Nuevo León en el Arte -  |x Historia y Crítica 
650 |a México en el Arte -  |x Exposiciones -  |x Catálogos 
650 |a México en el Arte -  |x Historia y Crítica 
650 |a Arte (Tendencias Recientes) -  |z España -  |x Exposiciones -  |x Catálogos 
650 |a Arte (Tendencias Recientes) -  |z España -  |x Historia y Crítica 
650 |a Arte Español -  |x Exposiciones -  |x Catálogos 
650 |a Arte Español -  |x Historia y Crítica 
650 |a Arte Español -  |y Siglo XXI 
650 |a Toledo, Valentín -  |x Tema Principal 
650 |a Pinacoteca de Nuevo León 
710 |a Pinacoteca de Nuevo León 
700 |a Perusquía, Bárbara  |e (curaduría y texto) 
700 |a Rodríguez Rodríguez, Alejandro  |e (coordinación editorial) 
700 |a Outumuro, Manuel  |e (texto) 
700 |a Sordo, Alejandro  |e (texto) 
700 |a Stein, Axel  |e (texto) 
700 |a Meza Medina, Katzir  |e (presentación) 
700 |a Lozano de Todd, Elvira  |e (presentación) 
910 |a Fondo General 
920 |a Impresos - Libros 
930 |a Reserva Especial 
905 |a 103 
901 |a 0500316246  |b IT1  |c REE  |i C149590  |u 20250521 
902 |a https://opac.biblio.iteso.mx/vufind/Record/000408052